Tajemství úspěšného řídícího týmu
Základné zásady v riadiacom tíme top manažérov. Jasné stanovenie úloh riadiaceho manažérskeho tímu. Precízna deľba práce. Disciplína v riadiacom tíme. Ďalšie pravidlá ako nezasahovanie do kompetencií člena tímu, výhradné rozhodovanie v určitých otázkach a ďalšie.
Enregistré dans:
| Auteur principal: | |
|---|---|
| Format: | Chapitre de livre |
| Langue: | tchèque |
| Sujets: | |
| Tags: |
Pas de tags, Soyez le premier à ajouter un tag!
|
MARC
| LEADER | 00000naa$a2200000$$$4500 | ||
|---|---|---|---|
| 001 | 0041485 | ||
| 005 | 20231106123228.0 | ||
| 041 | 0 | |a cze | |
| 044 | |a CZ | ||
| 245 | 1 | 0 | |a Tajemství úspěšného řídícího týmu |c F. Malik |
| 520 | |a Základné zásady v riadiacom tíme top manažérov. Jasné stanovenie úloh riadiaceho manažérskeho tímu. Precízna deľba práce. Disciplína v riadiacom tíme. Ďalšie pravidlá ako nezasahovanie do kompetencií člena tímu, výhradné rozhodovanie v určitých otázkach a ďalšie. | ||
| 610 | 2 | 0 | |a manažment |
| 610 | 2 | 0 | |a vedenie podniku |
| 610 | 2 | 0 | |a tímy pracovné |
| 610 | 2 | 0 | |a deľba práce |
| 610 | 2 | 0 | |a disciplína pracovná |
| 610 | 2 | 0 | |a zodpovednosť |
| 610 | 2 | 0 | |a kompetencie |
| 610 | 2 | 0 | |a rozhodovanie |
| 100 | 1 | |a Malik, F. | |